Normal view MARC view

Entry Personal Name

Number of records used in: 2

001 - CONTROL NUMBER

  • control field: 79751

003 - CONTROL NUMBER IDENTIFIER

  • control field: dpl

005 - DATE AND TIME OF LATEST TRANSACTION

  • control field: 20250319123236.0

008 - FIXED-LENGTH DATA ELEMENTS

  • fixed length control field: 250319|| aca||aabn | a|a d

040 ## - CATALOGING SOURCE

  • Original cataloging agency: dpl
  • Transcribing agency: dpl

100 ## - HEADING--PERSONAL NAME

  • Personal name: Pandey , Alok

670 ## - SOURCE DATA FOUND

  • Source citation: Work cat.: (dpl)209752: Pandey , Alok , Glory of the Divine Mother as revealed in Savitri /, 2022

© Delhi Public Library
Hit Counter
free hit counter